Aplikácia Six Sigma vo vybranom podniku
Optimalizácia údržby priemyselných systémov pomocou základov Lean Six Sigma. Lean Six Sigma je metóda zlepšovania kvality a ziskovosti založená na statickom zvládnutí procesu a je to aj štýl riadenia založený na vysoko regulovanej organizácii, ktorá sa venuje riadeniu projektu. Metóda je založená na...
Gespeichert in:
| 1. Verfasser: | |
|---|---|
| Weitere Verfasser: | |
| Format: | Buchkapitel |
| Sprache: | Slowakisch |
| Schlagworte: | |
| Tags: |
Keine Tags, Fügen Sie das erste Tag hinzu!
|
MARC
| LEADER | 00000nla a2200000 4500 | ||
|---|---|---|---|
| 001 | 0238905 | ||
| 005 | 20240531122824.8 | ||
| 041 | 0 | |a slo | |
| 044 | |a SK | ||
| 245 | 1 | 0 | |a Aplikácia Six Sigma vo vybranom podniku |c Roman Lacko, Klaudia Kocanová |
| 520 | |a Optimalizácia údržby priemyselných systémov pomocou základov Lean Six Sigma. Lean Six Sigma je metóda zlepšovania kvality a ziskovosti založená na statickom zvládnutí procesu a je to aj štýl riadenia založený na vysoko regulovanej organizácii, ktorá sa venuje riadeniu projektu. Metóda je založená na piatich hlavných krokoch zhrnutých v skratke (DMAIC): definovať, merať, analyzovať, zlepšovať a kontrolovať. Aplikácia metódy na údržbové procesy s využitím metód údržby počas piatich fáz tejto metódy pomôže znížiť náklady a straty s cieľom dosiahnuť optimálne výsledky z hľadiska zisku a kvality. | ||
| 610 | 2 | 0 | |a znižovanie nákladov |
| 610 | 2 | 0 | |a riadenie podnikové |
| 610 | 2 | 0 | |a údržba systémov |
| 610 | 2 | 0 | |a softvér |
| 610 | 2 | 0 | |a efektívnosť ekonomická |
| 610 | 2 | 0 | |a úspory finančné |
| 100 | 1 | |a Lacko, Roman, 1988- | |
| 700 | 1 | |a Kocanová, Klaudia | |